Normal view
MARC view
Entry Personal Name
001 - CONTROL NUMBER
- control field: 244985
003 - CONTROL NUMBER IDENTIFIER
- control field: OSt
005 - DATE AND TIME OF LATEST TRANSACTION
- control field: 20251111111756.0
008 - FIXED-LENGTH DATA ELEMENTS
- fixed length control field: 251111|| aca||aabn | a|a d
040 ## - CATALOGING SOURCE
- Original cataloging agency: OSt
- Transcribing agency: OSt
100 ## - HEADING--PERSONAL NAME
- Personal name: H S Anupama
- Dates associated with a name: ಎಚ್.ಎಸ್.ಅನುಪಮಾ tr
670 ## - SOURCE DATA FOUND
- Source citation: Work cat.: (OSt)120642: ARUNDHATI RAY ಅರುಂಧತಿ ರಾಯ್ 244982, Midategalige kiviyoddi, 2016